Discurso leído en la Universidad Central en el acto solemne de recibir la investidura de doctor en Derecho Administrativo / (Record no. 154343)

MARC details
000 -LEADER
campo de control de longitud fija 00856nam a2200181 i 4500
001 - NÚMERO DE CONTROL
campo de control 154343
003 - IDENTIFICADOR DE NÚMERO DE CONTROL
campo de control ES-MaACL
005 - FECHA Y HORA DE LA ÚLTIMA TRANSACCIÓN
campo de control 20230906205659.0
008 - DATOS DE LONGITUD FIJA--INFORMACIÓN GENERAL
campo de control de longitud fija 010518s1863 sp |||| | spa d
100 1# - ENTRADA PRINCIPAL--NOMBRE DE PERSONA
Nombre de persona Godoy Álvarez, José.
9 (RLIN) 127349
245 10 - MENCIÓN DEL TÍTULO
Título Discurso leído en la Universidad Central en el acto solemne de recibir la investidura de doctor en Derecho Administrativo /
Mención de responsabilidad, etc. por José Godoy Álvarez.
260 ## - PUBLICACIÓN, DISTRIBUCIÓN, ETC.
Lugar de publicación, distribución, etc. Madrid :
Nombre del editor, distribuidor, etc. [s.n.],
Fecha de publicación, distribución, etc. 1863 (
Fabricante Estab. tip. de Vicente y Lavajos)
300 ## - DESCRIPCIÓN FÍSICA
Extensión 26 p. ;
Dimensiones 24 cm.
594 ## - Nota al título y mención de responsabilidad
Nota al título y mención de responsabilidad Tít. en antep.: "Juicio crítico sobre el tratado celebrado con Francia en 1761 llamado Tercer pacto de familia"
651 #4 - PUNTO DE ACCESO ADICIONAL DE MATERIA--NOMBRE GEOGRÁFICO
Nombre geográfico España-
Subdivisión general Relaciones-
Subdivisión geográfica Francia.
9 (RLIN) 146674
651 #4 - PUNTO DE ACCESO ADICIONAL DE MATERIA--NOMBRE GEOGRÁFICO
Nombre geográfico Francia-
Subdivisión general Relaciones-
Subdivisión geográfica España.
9 (RLIN) 146675
852 4# - LOCALIZACIÓN
Ubicación ES-MaACL
Número de control de estantería T-66-F-9
Nota libre - Enc. hol., falto de cub. original
-- - Enc. en un vol. facticio
Holdings
Estatus retirado Estado de pérdida Estado de daño No para préstamo Colección Biblioteca de origen Biblioteca actual Ubicación en estantería Fecha de adquisición Total de préstamos Signatura topográfica completa Código de barras Visto por última vez Precio de reemplazo Tipo de ítem Koha
        Colección de folletos Biblioteca del Ateneo de Madrid Biblioteca del Ateneo de Madrid Depósito folletos 17/01/2008   T-66-F-9 1161402 23/02/2023 23/02/2023 Folleto